| 000 | 01066nam a2200337Ia 4500 | ||
|---|---|---|---|
| 001 | dia_3317 | ||
| 003 | CHAP | ||
| 005 | 20230331093557.0 | ||
| 008 | 220117s1988 xx 000 0 und d | ||
| 010 | _a173790 | ||
| 020 | _a968-422-203-3 | ||
| 040 | _cCHAP | ||
| 082 | _a005.7565 J66 1988 | ||
| 100 |
_aJones, Edward _962001 |
||
| 245 |
_aAplique el dBASE III PLUS / _c Edward Jones ; traducción Luis Hernández Yañez |
||
| 260 |
_aMéxico : _b McGraw-Hill, _c1988 |
||
| 300 | _axiv, 483 p. | ||
| 440 |
_aA Osborne McGraw-Hill _9154474 |
||
| 500 | _aTítulo original: Using dBASE III | ||
| 503 | _aC/e | ||
| 590 | _aQA76.9.D3 J66 1988 | ||
| 650 |
_aAdministración de bases de datos _9147206 |
||
| 650 |
_aDatabase management _9147210 |
||
| 650 |
_adBASE III (Computer file) _9147207 |
||
| 650 |
_adBASE III (Programa para computadora) _9147208 |
||
| 700 | _aHernández Yáñez, Luis, tr. | ||
| 901 | _a005.7565 J66 1988 | ||
| 902 | _aM | ||
| 905 | _a5232271988 MX ain 8222223322SPA16 | ||
| 942 |
_cLIBRO _2ddc |
||
| 999 |
_c173790 _d173790 |
||